| 000 | 00707nam a22001817a 4500 | ||
|---|---|---|---|
| 999 |
_c7782 _d7782 |
||
| 003 | AR-CdUCM | ||
| 008 | 190321b ||||| |||| 00| 0 esp d | ||
| 040 |
_aMUNICIPALIDAD PROVINCIAL DEL CUSCO _cBIBLIOTECA MUNICIPAL DEL CUSCO |
||
| 082 |
_a325.13 / _bD87 |
||
| 100 |
_aDollot, Louis _921992 |
||
| 245 |
_aLas migraciones humanas / _cLouis Dollot |
||
| 260 |
_aBarcelona : _bOikos-Tau, _c1971. |
||
| 300 |
_a120 paginas ; _c17 cm. |
||
| 505 | _aMigraciones permanentes -- Migraciones de tipo colonial -- Traslados de poblaciones -- Grandes focos de emigración -- Ocaso de las migraciones clásicas y nuevas tendencias ... | ||
| 650 |
_aMigración de pueblos. _921993 |
||
| 942 |
_2ddc _cLIBROS |
||
| 945 | _aacrt | ||